000 00757nam a22002292 4500
001 0000013555
005 20151217145902.0
008 090923s xx 000 0 eng d
020 _a0195556070 :
040 _aKABU
_cKABU
100 1 _aDelaney, Julie.
_@0000170996
245 1 0 _aGeographical information systems :
_ban introduction /
_cJulie Delaney & Kimberly Van Niel.
250 _a2nd ed.
260 _aOxford :
_bO. U. P.,
_c2007.
300 _axviii, 214 p.
650 0 _aGeographic information systems.
_@0000169612
700 1 _aVan Niel, Kimberly.
_@0000170997
852 1 _9p6049 KES
852 1 _9p3509 KES
908 _a090923
950 _@1
999 _c3712
_d3712